<?xml version="1.0" encoding="UTF-8"?>
<collection xmlns="http://www.loc.gov/MARC21/slim">
 <record>
  <leader>01448nam a2200277 a 4500</leader>
  <controlfield tag="001">2612013</controlfield>
  <controlfield tag="008">090916s1997    bg a     b    100 0 eng d</controlfield>
  <datafield tag="010" ind1=" " ind2=" ">
   <subfield code="a">\\\97906391 </subfield>
  </datafield>
  <datafield tag="020" ind1=" " ind2=" ">
   <subfield code="z">984445853</subfield>
  </datafield>
  <datafield tag="040" ind1=" " ind2=" ">
   <subfield code="a">DLC</subfield>
   <subfield code="c">DLC</subfield>
  </datafield>
  <datafield tag="082" ind1="0" ind2="0">
   <subfield code="a">620/.009172/4</subfield>
   <subfield code="2">21</subfield>
  </datafield>
  <datafield tag="245" ind1="0" ind2="0">
   <subfield code="a">Role of engineers in poverty alleviation in developing countries /</subfield>
   <subfield code="c">Edited by Md. Golam Mohiuddin.</subfield>
  </datafield>
  <datafield tag="260" ind1=" " ind2=" ">
   <subfield code="a">Dhaka :</subfield>
   <subfield code="b">Palok Publishers &amp; Institution of Engineers, Bangladesh,</subfield>
   <subfield code="c">1997.</subfield>
  </datafield>
  <datafield tag="300" ind1=" " ind2=" ">
   <subfield code="a">160 p. :</subfield>
   <subfield code="b">ill. ;</subfield>
   <subfield code="c">22 cm.</subfield>
  </datafield>
  <datafield tag="500" ind1=" " ind2=" ">
   <subfield code="a">Proceedings of the Regional Seminar on &quot;the Role of Engineers in Poverty Alleviation in Developing Countries&quot;, held at Dhaka, from July 23-25, 1993.</subfield>
  </datafield>
  <datafield tag="504" ind1=" " ind2=" ">
   <subfield code="a">Includes bibliographical references.</subfield>
  </datafield>
  <datafield tag="541" ind1="1" ind2=" ">
   <subfield code="e">00006000</subfield>
  </datafield>
  <datafield tag="650" ind1=" " ind2="0">
   <subfield code="a">Engineers</subfield>
   <subfield code="z">Developing countries.</subfield>
  </datafield>
  <datafield tag="650" ind1=" " ind2="0">
   <subfield code="a">Poor</subfield>
   <subfield code="z">Developing countries.</subfield>
  </datafield>
  <datafield tag="650" ind1=" " ind2="0">
   <subfield code="a">Technical assistance</subfield>
   <subfield code="z">Developing countries.</subfield>
  </datafield>
  <datafield tag="700" ind1="1" ind2=" ">
   <subfield code="a">Mohiuddin, Md. Golam.</subfield>
  </datafield>
  <datafield tag="711" ind1="2" ind2=" ">
   <subfield code="a">Regional Seminar on &quot;the Role of Engineers in Poverty Alleviation in Developing Countries&quot;</subfield>
   <subfield code="d">(1993 :</subfield>
   <subfield code="c">Dhaka, Bangladesh)</subfield>
  </datafield>
  <datafield tag="852" ind1="4" ind2=" ">
   <subfield code="a">Ayesha Abed Library</subfield>
   <subfield code="j">General shelf </subfield>
  </datafield>
  <datafield tag="999" ind1=" " ind2=" ">
   <subfield code="c">4073</subfield>
   <subfield code="d">4073</subfield>
  </datafield>
  <datafield tag="952" ind1=" " ind2=" ">
   <subfield code="0">0</subfield>
   <subfield code="1">0</subfield>
   <subfield code="2">ddc</subfield>
   <subfield code="4">0</subfield>
   <subfield code="6">620_009172400000000_ROL_1997</subfield>
   <subfield code="7">0</subfield>
   <subfield code="9">3747</subfield>
   <subfield code="a">BRACUL</subfield>
   <subfield code="b">BRACUL</subfield>
   <subfield code="c">GEN</subfield>
   <subfield code="d">2009-10-03</subfield>
   <subfield code="g">140.00</subfield>
   <subfield code="l">0</subfield>
   <subfield code="o">620.0091724 ROL</subfield>
   <subfield code="p">3010006000</subfield>
   <subfield code="r">2009-10-03</subfield>
   <subfield code="t">1</subfield>
   <subfield code="w">2009-10-03</subfield>
   <subfield code="y">BK</subfield>
  </datafield>
  <datafield tag="952" ind1=" " ind2=" ">
   <subfield code="0">0</subfield>
   <subfield code="1">0</subfield>
   <subfield code="2">ddc</subfield>
   <subfield code="4">0</subfield>
   <subfield code="6">620_009172400000000_ROL</subfield>
   <subfield code="7">0</subfield>
   <subfield code="9">43162</subfield>
   <subfield code="a">SCL</subfield>
   <subfield code="b">SCL</subfield>
   <subfield code="c">GEN</subfield>
   <subfield code="d">2003-04-08</subfield>
   <subfield code="l">1</subfield>
   <subfield code="m">2</subfield>
   <subfield code="o">620.0091724 ROL</subfield>
   <subfield code="p">3020004162</subfield>
   <subfield code="r">2018-11-22</subfield>
   <subfield code="s">2018-11-05</subfield>
   <subfield code="t">2</subfield>
   <subfield code="w">2014-07-15</subfield>
   <subfield code="y">BK</subfield>
  </datafield>
 </record>
</collection>
